Т. 55, № 3; Космические исследования

Bibliographische Detailangaben
Parent link:Космические исследования: научный журнал/ Российская академия наук (РАН). Т. 55, № 3.— , 1965-
Sprache:Russisch
Veröffentlicht: 2017
Format: Buch
KOHA link:https://koha.lib.tpu.ru/cgi-bin/koha/opac-detail.pl?biblionumber=574774

MARC

LEADER 00000nam2a2200000 4500
001 574774
005 20231101125949.0
035 |a (RuTPU)RU\TPU\prd\273478 
090 |a 574774 
100 |a 20170904a19639999k y0rusy50 ca 
101 0 |a rus 
102 |a RU 
200 0 |a Т. 55, № 3 
210 |d 2017 
461 1 |0 (RuTPU)RU\TPU\prd\1533  |t Космические исследования  |o научный журнал  |f Российская академия наук (РАН)  |v Т. 55, № 3  |d 1965- 
801 0 |a RU  |b 63413507  |c 20010227  |g PSBO 
801 1 |a RU  |b 63413507  |c 20170904 
801 2 |a RU  |b 63413507  |c 20210111  |g RCR 
942 |c BK 
999 |a НТБ_ТПУ  |b НФ  |e -1/20170117  |p П-7305  |s 3/20161228  |u 0,00  |v 1